000
00325nam a22001337a 4500
008
181031b xxu||||| |||| 00| 0 eng d
020
_a
9780807060018
041
_a
eng
080
_a
370
100
_a
47
101
_a
EDU
245
_a
Nonsexist Word Findle Dictionary Gnder Free Usage
_c
Maggio.R
942
_2
udc
_c
BK
999
_c
51260
_d
51260